000 00471nam a2200181Ia 4500
001 9287
005 20260306161707.0
008 260306t2002||||xx |||||||||||||| ||spa||
041 _aESP
082 _a378.07
_bP66
100 _aPlantinga, Cornelius
_eAUT
245 0 _aEngaging God's world:
_ba reformed vision of faith, learning and living
260 _c2002
300 _axix, 241 páginas :
_c23 cm.
650 _aGEN
654 _aCED
942 _cLIB
_dJUS
_fJUS
_2ddc
_n
999 _c9287
_d9287